00570nam a2200193 a 450000100060000000300090000600800410001502000150005604000280007108200160009910000220011524501030013726000260024030000100026665000380027665000220031465000250033665000150036123633CO-ViMGA141112s2004 ck r 000 u spa d a8434226960 aCO-ViMGAbspacCO-ViMGA04a760.2 L381g1 aLewandowsky, Pina10aGuia Practica de diseño digital : bMetodo facil para aprender a diseñar / cPina Lewandowsky aEspaña : bParramon a256p.14aDISEÑO CON AYUDA DE COMPUTADOR 14aDISEÑO GRAFICO 14aELECTRONICA DIGITAL 14aINFOGRAFIA